[Event "European Blitz 2016"]
[Site "Tallinn EST"]
[Date "2016.12.17"]
[Round "2.2"]
[White "Navara, David"]
[Black "Badelka, Olga"]
[Result "1-0"]
[WhiteTitle "GM"]
[WhiteElo "2725"]
[BlackElo "2218"]
[WhiteFideId "309095"]
[BlackFideId "13509926"]
[EventDate "2016.12.17"]

1. d4 Nf6 2. c4 c5 3. d5 b5 4. cxb5 a6 5. bxa6 g6 6. Nc3 Bg7 7. e4 O-O 8. a7
Rxa7 9. Nf3 d6 10. Be2 Ba6 11. O-O Nbd7 12. Re1 Bxe2 13. Qxe2 Qa5 14. Nb5 Rb7
15. a4 Nb6 16. Bd2 Qa8 17. b3 Ne8 18. Bc3 Bxc3 19. Nxc3 Nd7 20. Rab1 Nc7 21. e5
Qa5 22. Qd2 Nb6 23. Qh6 f6 24. exf6 exf6 25. Re7 Rf7 26. Rxf7 Kxf7 27. Qxh7+ Kf8
28. Nh4 Ncxd5 29. Qh8+ Kf7 30. Nxd5 Nxd5 31. Qh7+ Kf8 32. Nxg6+ Ke8 33. Qxb7 1-0

[Event "European Blitz 2016"]
[Site "Tallinn EST"]
[Date "2016.12.17"]
[Round "2.3"]
[White "Mierins, Eriks"]
[Black "Ponomariov, Ruslan"]
[Result "0-1"]
[BlackTitle "GM"]
[WhiteElo "2150"]
[BlackElo "2709"]
[WhiteFideId "11603178"]
[BlackFideId "14103320"]
[EventDate "2016.12.17"]

1. e4 e5 2. Nf3 Nc6 3. Bb5 g6 4. O-O Bg7 5. c3 a6 6. Ba4 d6 7. h3 Bd7 8. d4 Nf6
9. Re1 O-O 10. d5 Ne7 11. c4 Kh8 12. Nc3 Neg8 13. b4 Nh5 14. c5 Bh6 15. Bxh6
Nxh6 16. Rb1 Nf4 17. Ne2 Nxh3+ 18. gxh3 Bxh3 19. Rb3 Bg4 20. Nh2 Bh5 21. Rh3 f5
22. Bc2 Ng4 23. f3 Ne3 24. Qc1 f4 25. Kh1 Qd7 26. Rh4 a5 27. a3 axb4 28. axb4
Qb5 29. Qd2 dxc5 30. bxc5 Qxc5 31. Qc3 Qxc3 32. Nxc3 Nxc2 33. Rc1 Nd4 34. Rh3
Ra3 35. Ng4 Bxg4 36. fxg4 f3 37. Kg1 Rxc3 0-1

[Event "European Blitz 2016"]
[Site "Tallinn EST"]
[Date "2016.12.17"]
[Round "2.4"]
[White "Bortnyk, Olexandr"]
[Black "Shipulin, Denis"]
[Result "1-0"]
[WhiteTitle "GM"]
[WhiteElo "2581"]
[BlackElo "1995"]
[WhiteFideId "14120828"]
[BlackFideId "24120626"]
[EventDate "2016.12.17"]

1. e4 Nf6 2. e5 Ng8 3. d4 d6 4. Nf3 Bg4 5. h3 Bh5 6. exd6 Qxd6 7. c3 Nf6 8. Be2
e6 9. Na3 Be7 10. Nc4 Qd8 11. Qb3 b6 12. Nce5 O-O 13. g4 Bg6 14. Nxg6 hxg6 15.
Ne5 Qd5 16. Bf3 Ne4 17. Qc2 f5 18. Nxg6 Rf7 19. Nf4 Qc6 20. Qb3 Rf6 21. gxf5 1-0

[Event "European Blitz 2016"]
[Site "Tallinn EST"]
[Date "2016.12.17"]
[Round "2.5"]
[White "Kolesnikovs, Ivans"]
[Black "Onischuk, Vladimir"]
[Result "0-1"]
[BlackTitle "GM"]
[WhiteElo "2012"]
[BlackElo "2601"]
[WhiteFideId "11602244"]
[BlackFideId "14114038"]
[EventDate "2016.12.17"]

1. e4 d6 2. d4 Nf6 3. Nc3 g6 4. Bg5 Bg7 5. e5 Nfd7 6. exd6 cxd6 7. Nf3 Nc6 8.
Qd2 h6 9. Be3 a6 10. O-O-O b5 11. a3 Nf6 12. h4 Ng4 13. Bf4 Bd7 14. h5 g5 15.
Bg3 Rb8 16. b4 a5 17. Nxb5 O-O 18. Nxg5 hxg5 19. Qxg5 Kh8 20. h6 Bf6 21. Qd2
Nxb4 22. f3 Bxb5 23. axb4 Bxf1 24. Rdxf1 Rxb4 25. fxg4 Qb6 26. Kd1 Rxd4 0-1

[Event "European Blitz 2016"]
[Site "Tallinn EST"]
[Date "2016.12.17"]
[Round "2.6"]
[White "Andriasian, Zaven"]
[Black "Polyakov, Fedor"]
[Result "1-0"]
[WhiteTitle "GM"]
[WhiteElo "2621"]
[BlackElo "2042"]
[WhiteFideId "13302000"]
[BlackFideId "11602953"]
[EventDate "2016.12.17"]

1. e4 c5 2. Nf3 Nc6 3. Bb5 g6 4. O-O Bg7 5. Bxc6 bxc6 6. c3 Nf6 7. Re1 O-O 8. d4
cxd4 9. cxd4 d6 10. h3 Nd7 11. Nc3 c5 12. d5 Ne5 13. Nxe5 Bxe5 14. Bh6 Re8 15.
Qd2 Rb8 16. Rac1 Bd7 17. Rc2 Rb4 18. Bf4 Bg7 19. e5 Bf5 20. Rcc1 Rxf4 21. Qxf4
Bxe5 22. Rxe5 dxe5 23. Qxe5 Qb6 24. b3 Qd6 25. Qe3 Rd8 26. Re1 e6 1-0

[Event "European Blitz 2016"]
[Site "Tallinn EST"]
[Date "2016.12.17"]
[Round "2.7"]
[White "Lumiste, Rene"]
[Black "Andreikin, Dmitry"]
[Result "0-1"]
[BlackTitle "GM"]
[WhiteElo "2055"]
[BlackElo "2737"]
[WhiteFideId "4503295"]
[BlackFideId "4158814"]
[EventDate "2016.12.17"]

1. e4 c5 2. Nf3 e6 3. d4 cxd4 4. Nxd4 a6 5. Nc3 b5 6. Bd3 Qb6 7. Nb3 Bb7 8. Be3
Qc7 9. O-O Nf6 10. a3 Be7 11. Kh1 d6 12. f4 Nbd7 13. Bg1 h5 14. Nd4 Rc8 15. f5
e5 16. Nf3 Qb8 17. Qe2 h4 18. Rad1 h3 19. g3 Qa8 20. Nd2 Rxc3 21. bxc3 d5 22.
Be3 dxe4 23. Bxb5 axb5 24. Qxb5 Bc6 25. Qc4 Ng4 0-1

[Event "European Blitz 2016"]
[Site "Tallinn EST"]
[Date "2016.12.17"]
[Round "2.8"]
[White "Zhigalko, Sergei"]
[Black "Yugina, Maria"]
[Result "1-0"]
[WhiteTitle "GM"]
[WhiteElo "2671"]
[BlackElo "2050"]
[WhiteFideId "13502956"]
[BlackFideId "4192192"]
[EventDate "2016.12.17"]

1. e4 c5 2. Nf3 g6 3. c3 Bg7 4. d4 cxd4 5. cxd4 d5 6. e5 Nc6 7. Bb5 Bg4 8. Bxc6+
bxc6 9. Nbd2 Rc8 10. O-O Nh6 11. h3 Bxf3 12. Nxf3 e6 13. b3 Qa5 14. a4 O-O 15.
Ba3 Rfd8 16. Rc1 Nf5 17. g4 Nh6 18. Qd3 Bf8 19. Bxf8 Kxf8 20. Rc5 Qb6 21. a5 Qb7
22. Rfc1 Ng8 23. R1c3 Kg7 24. Qe3 h6 25. Ne1 Ne7 26. Nd3 Rh8 27. Kg2 Rc7 28. b4
Rb8 29. Rc1 Rf8 30. R5c3 Qc8 31. Nc5 Qa8 32. b5 cxb5 33. Nxe6+ fxe6 34. Rxc7 Rf7
35. a6 Qb8 36. Rb7 Qe8 37. Rxa7 b4 38. Rb7 Qa4 39. Rcc7 Kf8 40. Qxh6+ 1-0

[Event "European Blitz 2016"]
[Site "Tallinn EST"]
[Date "2016.12.17"]
[Round "2.10"]
[White "Vitiugov, Nikita"]
[Black "Lupik, Marina"]
[Result "1-0"]
[WhiteTitle "GM"]
[BlackTitle "WIM"]
[WhiteElo "2726"]
[BlackElo "2190"]
[WhiteFideId "4152956"]
[BlackFideId "4177495"]
[EventDate "2016.12.17"]

1. d4 d5 2. Bf4 Nf6 3. e3 Bf5 4. c4 e6 5. Nc3 Bb4 6. Qb3 a5 7. a3 Bxc3+ 8. Qxc3
c6 9. f3 O-O 10. Ne2 Nbd7 11. g4 Bg6 12. Ng3 dxc4 13. e4 b5 14. h4 h5 15. g5 Ne8
16. Be2 c5 17. Rd1 Qc8 18. d5 exd5 19. exd5 Ra6 20. a4 b4 21. Qxc4 Rb6 22. b3
Nd6 23. Bxd6 Rxd6 24. Qf4 Rb6 25. Bc4 Re8+ 26. Kf2 Ne5 27. Rhe1 Nxc4 28. Rxe8+
Qxe8 29. Qxc4 Qe5 30. Qxc5 Rd6 31. Qd4 Qe7 32. Ne4 Bxe4 33. Qxe4 Qa7+ 34. Qe3
Qd7 35. Qe4 Qa7+ 36. Kg2 Qd7 37. Rd2 g6 38. Qe5 Kh7 39. Kg3 Qc7 40. Kg2 Qd7 41.
Rd4 Qc7 42. Rc4 Qd7 43. Rc5 Ra6 44. Rc7 Qf5 45. Qxf5 gxf5 46. Rxf7+ Kg6 47. Rc7
f4 48. Rc6+ 1-0

[Event "European Blitz 2016"]
[Site "Tallinn EST"]
[Date "2016.12.17"]
[Round "2.11"]
[White "Koziej, Maciej"]
[Black "Riazantsev, Alexander"]
[Result "0-1"]
[BlackTitle "GM"]
[WhiteElo "1990"]
[BlackElo "2671"]
[WhiteFideId "1139347"]
[BlackFideId "4125029"]
[EventDate "2016.12.17"]

1. e4 c6 2. d4 d5 3. exd5 cxd5 4. Bd3 Nc6 5. c3 Nf6 6. f4 g6 7. Nf3 Bf5 8. Be2
Bg7 9. O-O O-O 10. Ne5 Qc7 11. Nd2 Ne4 12. g4 Nxd2 13. Bxd2 Be4 14. Bf3 Bxf3 15.
Qxf3 Rad8 16. Nxc6 bxc6 17. f5 c5 18. Be3 Qb6 19. Qf2 cxd4 20. Bxd4 Bxd4 21.
Qxd4 Qxb2 22. f6 exf6 23. Qxf6 Rde8 24. Rab1 Qxa2 25. Rb7 Re2 26. Rf2 Rxf2 27.
Qxf2 Qxf2+ 28. Kxf2 Ra8 29. Rd7 a5 30. Rxd5 a4 31. Rd2 a3 32. Ra2 Kf8 33. Ke3 0-1

[Event "European Blitz 2016"]
[Site "Tallinn EST"]
[Date "2016.12.17"]
[Round "2.12"]
[White "Matlakov, Maxim"]
[Black "Orehek, Spela"]
[Result "1-0"]
[WhiteTitle "GM"]
[BlackTitle "WFM"]
[WhiteElo "2694"]
[BlackElo "2092"]
[WhiteFideId "4168003"]
[BlackFideId "14605872"]
[EventDate "2016.12.17"]

1. Nf3 d6 2. d4 g6 3. e4 Bg7 4. Nc3 Nf6 5. Be2 Nbd7 6. O-O e5 7. Re1 O-O 8. Bf1
Nh5 9. Bg5 f6 10. Be3 c6 11. Qd2 Qe7 12. Rad1 f5 13. dxe5 Nxe5 14. Nxe5 dxe5 15.
exf5 Bxf5 16. Qe2 Qb4 17. Qc4+ Qxc4 18. Bxc4+ Kh8 19. Bd3 Be6 20. Ne4 b6 21. f3
Nf4 22. Ba6 Rad8 23. a3 Nd5 24. Bg5 Rd7 25. Bf1 h6 26. Bh4 g5 27. Bg3 Nf4 28.
Rxd7 Bxd7 29. Rd1 Bf5 30. Rd6 c5 31. Be1 Rf7 32. g3 Ng6 33. Bd3 Rd7 34. Rxd7
Bxd7 35. Nxc5 bxc5 36. Bxg6 Kg8 37. Be4 Kf8 38. Bf2 c4 39. Bxa7 Ke7 40. Kf2 Ke6
41. Bc5 Bf6 42. Ke3 Bd8 43. b3 cxb3 44. cxb3 Bb5 45. a4 Bf1 46. b4 h5 47. b5 Kd7
48. Bc6+ Kc7 49. a5 Kb8 50. a6 g4 51. a7+ 1-0

[Event "European Blitz 2016"]
[Site "Tallinn EST"]
[Date "2016.12.17"]
[Round "2.13"]
[White "Tominga, Eke"]
[Black "Kovalenko, Igor"]
[Result "0-1"]
[BlackTitle "GM"]
[WhiteElo "2079"]
[BlackElo "2684"]
[WhiteFideId "4503570"]
[BlackFideId "14117908"]
[EventDate "2016.12.17"]

1. e4 c6 2. Nf3 d5 3. Nc3 Nf6 4. e5 Ne4 5. d3 Nxc3 6. bxc3 c5 7. g3 Nc6 8. Bg2
e6 9. O-O Be7 10. Qe2 b6 11. Bd2 Bb7 12. Rfe1 h6 13. h3 Qc7 14. Nh2 O-O-O 15. a4
Rhe8 16. Qg4 Bf8 17. f4 c4 18. Nf1 d4 19. dxc4 d3 20. cxd3 Rxd3 21. Qe2 Red8 22.
Be4 Bc5+ 23. Kh2 R3d7 24. Be3 Na5 25. Bxb7+ Kxb7 26. Rad1 Qc6 27. Rxd7+ Rxd7 28.
Rd1 Qxa4 29. Bd4 Qxc4 30. Qf3+ Qd5 31. Qxd5+ Rxd5 0-1

[Event "European Blitz 2016"]
[Site "Tallinn EST"]
[Date "2016.12.17"]
[Round "2.14"]
[White "Wojtaszek, Radoslaw"]
[Black "Tenis, Girts"]
[Result "1-0"]
[WhiteTitle "GM"]
[WhiteElo "2749"]
[BlackElo "2031"]
[WhiteFideId "1118358"]
[BlackFideId "11601566"]
[EventDate "2016.12.17"]

1. e4 c6 2. d4 d5 3. e5 Bf5 4. Nf3 e6 5. Be2 Ne7 6. c3 Nd7 7. a4 c5 8. a5 Nc6 9.
a6 b6 10. O-O Be7 11. Na3 O-O 12. Nb5 f6 13. exf6 Bxf6 14. Be3 c4 15. b3 cxb3
16. Qxb3 Na5 17. Qb4 Be7 18. Qa4 Nf6 19. Ne5 Ne4 20. Rac1 Nd6 21. Rfd1 Nxb5 22.
Bxb5 Rc8 23. f3 Bg5 24. Bxg5 Qxg5 25. Qa2 Bh3 26. Kh1 Bf5 27. g4 Bg6 28. Bd7 Rc7
29. Bxe6+ Kh8 30. Bxd5 h5 31. Qg2 Rf4 32. gxh5 Qxh5 33. Nxg6+ 1-0

[Event "European Blitz 2016"]
[Site "Tallinn EST"]
[Date "2016.12.17"]
[Round "2.15"]
[White "Gasik, Piotr"]
[Black "Saric, Ivan"]
[Result "0-1"]
[BlackTitle "GM"]
[WhiteElo "2079"]
[BlackElo "2652"]
[WhiteFideId "1104381"]
[BlackFideId "14508150"]
[EventDate "2016.12.17"]

1. c4 g6 2. Nc3 Bg7 3. Nf3 Nf6 4. e4 d6 5. d4 O-O 6. Be2 e5 7. O-O Nc6 8. d5 Ne7
9. Ne1 Nd7 10. Nd3 f5 11. Bd2 fxe4 12. Nxe4 Nf6 13. f3 Nf5 14. Rc1 a5 15. Ndf2
Nd4 16. Nxf6+ Bxf6 17. Ne4 Bg7 18. Bg5 Qd7 19. c5 dxc5 20. Nxc5 Nxe2+ 21. Qxe2
Qxd5 22. Rfd1 Qxa2 23. Nd7 Bxd7 24. Rxd7 Rf7 25. Rcxc7 Qb1+ 26. Kf2 Rxd7 27.
Rxd7 Qf5 28. Qd2 e4 29. Rxg7+ Kxg7 30. Qd4+ Kg8 31. Qc4+ Qf7 32. Qxe4 Re8 33.
Qd3 Qf5 34. Qd1 0-1

[Event "European Blitz 2016"]
[Site "Tallinn EST"]
[Date "2016.12.17"]
[Round "2.16"]
[White "Alekseev, Evgeny"]
[Black "Kopsa, Petri"]
[Result "1-0"]
[WhiteTitle "GM"]
[WhiteElo "2632"]
[BlackElo "2029"]
[WhiteFideId "4138147"]
[BlackFideId "1706594"]
[EventDate "2016.12.17"]

1. e4 c5 2. Nf3 g6 3. d4 cxd4 4. Nxd4 Nc6 5. c4 Nf6 6. Nc3 Bg7 7. Be3 O-O 8. Be2
d6 9. O-O Bd7 10. Qd2 Nxd4 11. Bxd4 a5 12. b3 Bc6 13. f3 Nd7 14. Be3 Re8 15.
Rac1 Qc7 16. Nd5 Qd8 17. Rfd1 a4 18. b4 b6 19. a3 Rc8 20. Bf1 Bb7 21. Nc3 Ra8
22. Qf2 Qc7 23. Rc2 Ne5 24. Bxb6 Qc8 25. Nb5 f5 26. exf5 Qxf5 27. Nc7 Rf8 28.
Nxa8 Bxa8 29. Bd4 g5 30. c5 Qg6 31. Bxe5 Bxe5 32. c6 g4 33. Bc4+ Kh8 34. Bd5
gxf3 35. Bxf3 Qh6 36. h3 Qg7 37. b5 e6 38. Re2 Bg3 39. Qd4 Be5 40. Rxe5 dxe5 41.
Qe3 Rg8 42. Re1 Qg5 43. Qxe5+ Qxe5 44. Rxe5 Rd8 45. b6 Re8 46. b7 Kg7 47. Ra5
Kf6 1-0

[Event "European Blitz 2016"]
[Site "Tallinn EST"]
[Date "2016.12.17"]
[Round "2.17"]
[White "Eriksson, Tom"]
[Black "Movsesian, Sergei"]
[Result "0-1"]
[BlackTitle "GM"]
[WhiteElo "1994"]
[BlackElo "2673"]
[WhiteFideId "503886"]
[BlackFideId "310204"]
[EventDate "2016.12.17"]

1. e4 c5 2. Nf3 e6 3. Nc3 a6 4. d4 cxd4 5. Nxd4 b5 6. a3 Bb7 7. Bd3 Qb6 8. Nf3
Qc7 9. O-O Nc6 10. Be3 Nf6 11. h3 Be7 12. Qd2 O-O 13. Bf4 d6 14. Rae1 Ne5 15.
Nxe5 dxe5 16. Bh2 h6 17. f4 exf4 18. Bxf4 Qb6+ 19. Kh1 Nh5 20. Bh2 Bh4 21. Re3
Bg5 22. Rff3 Rad8 23. Qe1 Bxe3 24. Rxe3 Nf6 25. Rf3 Nh7 26. Qg3 b4 27. Bg1 Qa5
28. axb4 Qxb4 29. Ne2 Ng5 30. Rf4 e5 31. Rg4 Bc8 32. Rxg5 hxg5 33. Qxg5 Qd6 34.
Ng3 Qf6 35. Qh5 0-1

[Event "European Blitz 2016"]
[Site "Tallinn EST"]
[Date "2016.12.17"]
[Round "2.18"]
[White "Ponkratov, Pavel"]
[Black "Olde, Margareth"]
[Result "1-0"]
[WhiteTitle "GM"]
[BlackTitle "WFM"]
[WhiteElo "2607"]
[BlackElo "2111"]
[WhiteFideId "4157800"]
[BlackFideId "4503082"]
[EventDate "2016.12.17"]

1. e4 c5 2. Nf3 Nc6 3. d4 cxd4 4. Nxd4 e6 5. Nb5 d6 6. c4 Nf6 7. N1c3 a6 8. Nd4
Be7 9. Be3 O-O 10. Be2 Qc7 11. Rc1 Bd7 12. O-O Rac8 13. f3 Qb8 14. Qd2 Na7 15.
a4 Rfd8 16. g4 Nc6 17. g5 Ne8 18. Kh1 Nc7 19. b3 Nxd4 20. Bxd4 b5 21. cxb5 axb5
22. a5 b4 23. Na4 Bxa4 24. bxa4 d5 25. e5 Qa8 26. Bb6 Qb7 27. Qd4 Re8 28. h4 Na6
29. Bb5 Rf8 30. Kg2 Rxc1 31. Rxc1 Rc8 32. Qe3 Nb8 33. Kg3 Nd7 34. Bd4 Rxc1 35.
Qxc1 g6 36. a6 Qa8 37. Qc6 Qxc6 38. Bxc6 Nb8 39. a7 1-0

[Event "European Blitz 2016"]
[Site "Tallinn EST"]
[Date "2016.12.17"]
[Round "2.19"]
[White "Obolonin, Filipp"]
[Black "Munoz, Miguel"]
[Result "0-1"]
[BlackTitle "GM"]
[WhiteElo "1811"]
[BlackElo "2473"]
[WhiteFideId "4505549"]
[BlackFideId "3800229"]
[EventDate "2016.12.17"]

1. d4 c5 2. Nf3 Nf6 3. c4 g6 4. Nc3 Bg7 5. g3 O-O 6. Bg2 Nc6 7. O-O d6 8. Bg5 h6
9. Bxf6 Bxf6 10. d5 Na5 11. Nd2 a6 12. a4 e5 13. e4 Bg7 14. Qc2 f5 15. f3 h5 16.
Rab1 f4 17. Rfe1 Bh6 18. Nf1 g5 19. Ne2 g4 20. Qd3 Qg5 21. Red1 Bd7 22. b3 h4
23. Kh1 h3 24. gxf4 hxg2+ 25. Kxg2 gxf3+ 26. Kxf3 Qg4+ 27. Kf2 Bxf4 28. Nxf4
Rxf4+ 29. Ke1 Rxe4+ 30. Ne3 Qf3 0-1

[Event "European Blitz 2016"]
[Site "Tallinn EST"]
[Date "2016.12.17"]
[Round "2.20"]
[White "Kozul, Zdenko"]
[Black "Gorodetzky, Matan"]
[Result "1-0"]
[WhiteTitle "GM"]
[WhiteElo "2613"]
[BlackElo "1995"]
[WhiteFideId "14502879"]
[BlackFideId "2813394"]
[EventDate "2016.12.17"]

1. d4 d5 2. c4 e6 3. g3 c5 4. cxd5 exd5 5. Bg2 Nf6 6. Nf3 Nc6 7. O-O Be7 8. dxc5
Bxc5 9. a3 Ne4 10. b4 Be7 11. Bb2 O-O 12. Nfd2 Bf6 13. Nxe4 Bxb2 14. Ra2 Bd4 15.
Nec3 Bxc3 16. Nxc3 d4 17. Ne4 Be6 18. Rd2 a6 19. Nc5 Bd5 20. Nxb7 Qd7 21. Nc5
Qd6 22. e4 Bc4 23. Re1 Rfe8 24. e5 Rxe5 25. Rxe5 1-0

[Event "European Blitz 2016"]
[Site "Tallinn EST"]
[Date "2016.12.17"]
[Round "2.21"]
[White "Narmontas, Raimondas"]
[Black "Vallejo Pons, Francisco"]
[Result "0-1"]
[BlackTitle "GM"]
[WhiteElo "2001"]
[BlackElo "2711"]
[WhiteFideId "12801135"]
[BlackFideId "2205530"]
[EventDate "2016.12.17"]

1. e4 e5 2. Nf3 Nc6 3. Bb5 Bc5 4. Bxc6 dxc6 5. d3 Qe7 6. Nbd2 f6 7. Nc4 Be6 8.
Qe2 g5 9. h3 h5 10. Nfd2 O-O-O 11. Nb3 Nh6 12. Nxc5 Qxc5 13. Ne3 Nf7 14. b3 Qc3+ 0-1

[Event "European Blitz 2016"]
[Site "Tallinn EST"]
[Date "2016.12.17"]
[Round "2.22"]
[White "Cvitan, Ognjen"]
[Black "Boytsov, Alexander"]
[Result "1-0"]
[WhiteTitle "GM"]
[WhiteElo "2491"]
[BlackElo "1931"]
[WhiteFideId "14500086"]
[BlackFideId "24177113"]
[EventDate "2016.12.17"]

1. d4 d5 2. c4 c6 3. cxd5 cxd5 4. Nc3 Nf6 5. Nf3 Bf5 6. Bf4 Nc6 7. e3 e6 8. Bb5
a6 9. Bxc6+ bxc6 10. O-O Bd6 11. Bxd6 Qxd6 12. Ne5 O-O 13. Na4 c5 14. Nxc5 Rfc8
15. Rc1 Rc7 16. Rc3 Ne4 17. Nxe4 dxe4 18. Rxc7 Qxc7 19. b3 f6 20. Nc4 Rd8 21.
Qc1 Qe7 22. Qc3 Bg4 23. h3 Be2 24. Re1 Bh5 25. Qa5 Ra8 26. Rc1 Bf7 27. Qc5 Qd8
28. Nd6 Bg6 29. d5 e5 30. Nb7 Qd7 31. Qc6 Be8 32. Qxd7 Bxd7 33. Rc7 Bb5 34. a4
Be8 35. d6 1-0

[Event "European Blitz 2016"]
[Site "Tallinn EST"]
[Date "2016.12.17"]
[Round "2.23"]
[White "Valantiejus, Vaidotas"]
[Black "Naiditsch, Arkadij"]
[Result "0-1"]
[BlackTitle "GM"]
[WhiteElo "2174"]
[BlackElo "2687"]
[WhiteFideId "12807370"]
[BlackFideId "4650891"]
[EventDate "2016.12.17"]

1. e4 c5 2. Nf3 Nc6 3. d4 cxd4 4. Nxd4 Qb6 5. Nb3 Nf6 6. Nc3 e6 7. Be3 Qc7 8. f3
Bb4 9. a3 Bxc3+ 10. bxc3 d5 11. Bd3 dxe4 12. fxe4 Ne5 13. Bd4 O-O 14. O-O Neg4
15. e5 Nxe5 16. Rxf6 Nxd3 17. Qxd3 e5 18. Qg3 Re8 19. Re1 Kh8 20. Bxe5 Qe7 21.
Rff1 f6 22. Bd4 Qf8 23. Rxe8 Qxe8 24. Re1 Qf7 25. Qd6 Bf5 26. Re7 Qg6 27. Qg3
Bxc2 28. Qxg6 hxg6 29. Nc5 b6 30. Ne6 Rg8 31. Rxa7 b5 32. Rb7 Kh7 33. Rxb5 Re8
34. Nf4 g5 35. Nd5 Bd3 36. Ra5 Re1+ 37. Kf2 Re2+ 38. Kf3 f5 39. Ra7 Kg6 40. Ne7+
Kh5 41. Nxf5 g4+ 42. Kf4 g5+ 43. Kg3 Bxf5 44. Ra6 Be4 45. h3 Rxg2# 0-1

[Event "European Blitz 2016"]
[Site "Tallinn EST"]
[Date "2016.12.17"]
[Round "2.25"]
[White "Bekasovs, Rihards"]
[Black "Kobalia, Mikhail"]
[Result "0-1"]
[BlackTitle "GM"]
[WhiteElo "1969"]
[BlackElo "2628"]
[WhiteFideId "11606029"]
[BlackFideId "4119150"]
[EventDate "2016.12.17"]

1. Nf3 f5 2. g3 Nf6 3. Bg2 g6 4. O-O Bg7 5. d4 O-O 6. c4 d6 7. Nc3 Nc6 8. b3 e5
9. dxe5 dxe5 10. Bb2 e4 11. Ng5 h6 12. Nh3 g5 13. Qxd8 Rxd8 14. Rfd1 Be6 15. Nb5
Ne8 16. Bxg7 Kxg7 17. e3 Ne5 18. Kf1 a6 19. Nc3 Nf6 20. Ng1 Nd3 21. h3 Rab8 22.
Nge2 c5 23. Rd2 b5 24. cxb5 axb5 25. Rad1 b4 26. Na4 c4 27. Nc5 Bf7 28. Nxd3
cxd3 29. Nd4 Rd5 30. Rc1 Rb7 31. f3 Bg6 32. f4 gxf4 33. gxf4 Ra7 34. Ke1 Ne8 35.
h4 Rc7 36. Rxc7+ Nxc7 37. Bh3 Kf6 38. Rd1 Rc5 39. Kd2 Nd5 40. Rc1 Rxc1 41. Kxc1
Nxe3 42. Nc6 Nd5 43. Bf1 Bh5 44. Kd2 Be8 45. Nd4 Nxf4 46. Ke3 Nd5+ 47. Kd2 Ke5 0-1

[Event "European Blitz 2016"]
[Site "Tallinn EST"]
[Date "2016.12.17"]
[Round "2.26"]
[White "Pavlidis, Antonios"]
[Black "Narva, Triin"]
[Result "1-0"]
[WhiteTitle "GM"]
[BlackTitle "WFM"]
[WhiteElo "2532"]
[BlackElo "2110"]
[WhiteFideId "4212312"]
[BlackFideId "4502680"]
[EventDate "2016.12.17"]

1. e4 d6 2. d4 Nf6 3. Nc3 e5 4. Nf3 Nbd7 5. Bc4 Be7 6. a4 O-O 7. O-O c6 8. Re1
b6 9. Ba2 a6 10. h3 Rb8 11. Nh4 exd4 12. Qxd4 Ne5 13. Nf5 Bxf5 14. exf5 Qd7 15.
f4 c5 16. Qf2 Nc6 17. Nd5 Nxd5 18. Bxd5 Bf6 19. c3 Ne7 20. Qf3 b5 21. axb5 axb5
22. Be4 b4 23. Bc2 d5 24. Ra6 Nc6 25. Ba4 Rfc8 26. Rd1 d4 27. Rxc6 Rxc6 28. Bxc6
Qxf5 29. Be4 Qd7 30. c4 Qa4 31. Re1 b3 32. Bd5 Rf8 33. Qd3 Qb4 34. Bd2 Qb8 35.
Ra1 Qd6 36. Ra7 Bh4 37. Qf5 Qf6 38. Qxf6 Bxf6 39. Rb7 g6 40. Rxb3 Kg7 41. Rb7 h6
42. Kf2 g5 43. f5 Be5 44. Kf3 Kf6 45. g4 h5 46. Rb6+ Kg7 47. gxh5 d3 48. Bxg5 f6
49. Rb7+ Kh8 50. Bh6 Rd8 51. Bg7+ 1-0

[Event "European Blitz 2016"]
[Site "Tallinn EST"]
[Date "2016.12.17"]
[Round "2.28"]
[White "Zakhartsov, Vladimir"]
[Black "Shirshov, Nikolay"]
[Result "1-0"]
[WhiteTitle "IM"]
[WhiteElo "2453"]
[BlackElo "1991"]
[WhiteFideId "4145097"]
[BlackFideId "34126454"]
[EventDate "2016.12.17"]

1. e4 c5 2. Nf3 Nc6 3. Bb5 b6 4. Bxc6 dxc6 5. h3 Qc7 6. O-O e5 7. d3 Bd6 8. Nbd2
Ne7 9. Nc4 O-O 10. a4 a5 11. b3 f6 12. Ne1 Ng6 13. Nf3 Be6 14. Qe2 Rab8 15. Be3
Qd7 16. Nfd2 Qc7 17. Qf3 Nh4 18. Qg3 Ng6 19. Kh2 Rf7 20. Nxd6 Qxd6 21. h4 Nf4
22. Qf3 Rbf8 23. h5 Bc8 24. Nc4 Qc7 25. Bxf4 exf4 26. Rh1 f5 27. e5 Be6 28. Nd6
Re7 29. Qxf4 Bd5 30. Rae1 Qd7 31. Re3 Qe6 32. c4 Rd7 33. cxd5 cxd5 34. d4 Rb8
35. Rd1 Rc7 36. Qxf5 Qxf5 37. Nxf5 c4 38. bxc4 Rxc4 39. e6 g6 40. Nd6 Rc6 41. e7
Rxd6 42. e8=Q+ Rxe8 43. Rxe8+ Kf7 44. Rde1 gxh5 45. R1e7+ Kf6 46. Rxh7 Kg6 47.
Reh8 Rf6 48. Rh6+ Kg7 49. Rxf6 Kxh8 50. Rxb6 1-0

[Event "European Blitz 2016"]
[Site "Tallinn EST"]
[Date "2016.12.17"]
[Round "2.29"]
[White "Bettazzi, Daniele"]
[Black "Fridman, Daniel"]
[Result "0-1"]
[BlackTitle "GM"]
[WhiteElo "1890"]
[BlackElo "2596"]
[WhiteFideId "886815"]
[BlackFideId "11600454"]
[EventDate "2016.12.17"]

1. Nf3 d5 2. b3 Bg4 3. Ne5 Bf5 4. Bb2 e6 5. g3 Nf6 6. Bg2 Be7 7. O-O O-O 8. d4
c5 9. Nd2 cxd4 10. Bxd4 Nc6 11. Nxc6 bxc6 12. c4 Rc8 13. Rc1 Qa5 14. cxd5 cxd5
15. a4 Bb4 16. Nf3 Ne4 17. Rxc8 Rxc8 18. Qa1 Nc3 19. e3 f6 20. Kh1 Bd3 21. Rc1
e5 22. Bxc3 Rxc3 23. Rxc3 Bxc3 24. Qc1 Kf7 25. Bf1 Be4 26. Bg2 Qb4 27. Qd1 g5
28. Ng1 Kg7 29. Ne2 Bxg2+ 30. Kxg2 Qe4+ 31. Kg1 Bb4 32. Nc1 Qb1 33. Kf1 Ba3 34.
Qxd5 Qxc1+ 35. Kg2 Qc7 36. h4 gxh4 37. gxh4 a5 38. h5 Bb4 39. Qe4 Qd7 40. Qh4
Qf5 41. h6+ Kg6 42. f4 exf4 43. exf4 Qc2+ 44. Kh3 Qxb3+ 45. Kg2 Qc2+ 46. Kh1
Qd1+ 47. Kg2 Qe2+ 48. Kh1 Qh5 0-1